| 000 | 00714nam a2200217Ia 4500 | ||
|---|---|---|---|
| 003 | GCL | ||
| 008 | 140319s9999 xx 000 0 ara d | ||
| 020 | _a8699209960 | ||
| 040 |
_aGCL / _cGCL |
||
| 082 | 0 | 4 |
_a239.9 _bم ا |
| 100 | 1 | _aمحمد ثابت توفيق | |
| 245 | 1 | 0 |
_aاول من اسلم من الرجال الاحرار ابو بكر الصديق / _cمحمد ثابت توفيق |
| 250 | _aالاولى | ||
| 260 |
_aالرياض : _bمكتبة العبيكان ، _c2000 |
||
| 300 |
_a105 ص ؛ _c24 سم |
||
| 490 |
_aالاوائل _v1 |
||
| 650 | 0 | 4 | _aالصحابة والتابعون |
| 650 | 0 | 4 | _aالخلفاء الراشدون |
| 650 | 0 | 4 | _aابوبكرالصديق |
| 942 |
_2ddc _cBK |
||
| 999 |
_c3830 _d3830 |
||